000 01398nam a2200349 i 4500
001 000004306
003 DO-SdBNP
005 20250909152003.0
007 ta
008 090721s2004 dr ab 001 0 spa d
020 _a9993481335
040 _aDO-SdBNP
_bspa
_cBNPHU
_erda
041 _aspa
082 4 _a972.93
_bC314c
_222
100 1 _aCarrera Montero, Fernando,
_d1948-
_912713
_eautor
_4aut.
245 1 4 _aLas complejas relaciones de España con La Española :
_bel Caribe hispano frente a Santo Domingo y Saint Domingue 1789-1803 /
_cFernando Carrera Montero ; índice onomástico y toponímico, Ida Hernández Caamaño
264 _aSanto Domingo :
_bFundación García Arévalo,
_c2004.
300 _a595 páginas :
_bilustraciones, mapas ;
_c23 cm.
336 _atexto
_btxt
_2rdacontent
337 _asin mediación
_bn
_2rdamedia
338 _avolumen
_bnc
_2rdacarrier
490 _aDocumental
_v4
500 _aIncluye índice onomástico y toponímico (p.565-584)
500 _aIncluye referencias bibliográficas y notas al pie de las páginas
504 _aBibliografía : p. 553-562
590 _aInventariado, 2024/BT
651 4 _aLa Española (Isla)
_xHistoria
_ySiglo XVIII
_912714
651 4 _aRepública Dominicana
_zHistoria
_y1844
_912715
651 4 _aHaiti
_xHistoria
_yRevolución, 1791-1804
_99645
910 _aValidado. Control de calidad MFF
942 _2ddc
_cLBS1
999 _c4115
_d4115